000 00591nam a22001697a 4500
005 20251108163349.0
008 250721s1986 xx 000 0 ara d
082 1 4 _a343.3/عبد
100 1 _aالشواربي، عبد الحميد
245 1 0 _aالجرائم المالية و التجارية :
_bإختصاصات نيابة المالية و التجارية /
264 1 _aالإسكندريه :
_bدار المطبوعات الجامعيه،
_c1986.
300 _a503ص
650 1 7 _aالقانون الجنائي
650 1 7 _aالعقوبات
942 _2ddc
_cBK
999 _c799
_d799